Countries with better food than England - Statistics

General Stats
  • This quiz has been taken 24 times
  • The average score is 136 of 195
Answers on the Map
Answers color-coded by a green-red scale on the quiz's map according to % correct below.
 
Answer Stats
Country % Correct
Canada
90%
United States
90%
Brazil
85%
Finland
85%
France
85%
Italy
85%
Mexico
85%
Norway
85%
Russia
85%
Spain
85%
Sweden
85%
Albania
80%
Algeria
80%
Austria
80%
Belarus
80%
Belgium
80%
Bosnia and Herzegovina
80%
Bulgaria
80%
China
80%
Croatia
80%
Czech Republic
80%
Denmark
80%
Estonia
80%
Germany
80%
Greece
80%
Hungary
80%
Iceland
80%
Ireland
80%
Moldova
80%
Mongolia
80%
Netherlands
80%
North Macedonia
80%
Poland
80%
Portugal
80%
Romania
80%
Serbia
80%
Slovakia
80%
Slovenia
80%
Switzerland
80%
Ukraine
80%
Afghanistan
75%
Andorra
75%
Armenia
75%
Australia
75%
Chad
75%
Chile
75%
Colombia
75%
Cuba
75%
Guyana
75%
Haiti
75%
India
75%
Indonesia
75%
Israel
75%
Japan
75%
Jordan
75%
Kosovo
75%
Latvia
75%
Libya
75%
Lithuania
75%
Malaysia
75%
Mali
75%
Montenegro
75%
Morocco
75%
Philippines
75%
San Marino
75%
South Africa
75%
South Sudan
75%
Sudan
75%
Suriname
75%
Turkey
75%
Venezuela
75%
Antigua and Barbuda
70%
Argentina
70%
Azerbaijan
70%
Bahamas
70%
Bahrain
70%
Bangladesh
70%
Benin
70%
Bolivia
70%
Cyprus
70%
Dominica
70%
Ecuador
70%
Egypt
70%
Ethiopia
70%
Gambia
70%
Georgia
70%
Guatemala
70%
Honduras
70%
Iran
70%
Iraq
70%
Jamaica
70%
Kazakhstan
70%
Kyrgyzstan
70%
Lebanon
70%
Liberia
70%
Mauritania
70%
Mauritius
70%
Namibia
70%
New Zealand
70%
Niger
70%
Nigeria
70%
North Korea
70%
Pakistan
70%
Paraguay
70%
Peru
70%
Saudi Arabia
70%
Senegal
70%
Seychelles
70%
Somalia
70%
South Korea
70%
Togo
70%
Tunisia
70%
Turkmenistan
70%
United Arab Emirates
70%
Uruguay
70%
Uzbekistan
70%
Vatican City
70%
Vietnam
70%
Zambia
70%
Angola
65%
Barbados
65%
Belize
65%
Bhutan
65%
Cambodia
65%
Cape Verde
65%
Democratic Republic of the Congo
65%
Central African Republic
65%
Djibouti
65%
Dominican Republic
65%
El Salvador
65%
Eritrea
65%
Eswatini
65%
Ghana
65%
Guinea
65%
Laos
65%
Lesotho
65%
Liechtenstein
65%
Luxembourg
65%
Madagascar
65%
Maldives
65%
Monaco
65%
Myanmar
65%
Nepal
65%
Nicaragua
65%
Oman
65%
Panama
65%
Papua New Guinea
65%
Qatar
65%
Republic of the Congo
65%
Saint Kitts and Nevis
65%
Sierra Leone
65%
Sri Lanka
65%
Syria
65%
Taiwan
65%
Tajikistan
65%
Tanzania
65%
Thailand
65%
Trinidad and Tobago
65%
Yemen
65%
Zimbabwe
65%
Botswana
60%
Burkina Faso
60%
Burundi
60%
Cameroon
60%
Costa Rica
60%
Equatorial Guinea
60%
Federated States of Micronesia
60%
Gabon
60%
Guinea-Bissau
60%
Kenya
60%
Kuwait
60%
Malawi
60%
Malta
60%
Mozambique
60%
Rwanda
60%
Saint Lucia
60%
Saint Vincent and the Grenadines
60%
Tuvalu
60%
Brunei
55%
Comoros
55%
São Tomé and Príncipe
55%
East Timor
55%
Fiji
55%
Nauru
55%
Samoa
55%
Singapore
55%
Solomon Islands
55%
Tonga
55%
Vanuatu
55%
Ivory Coast
50%
Kiribati
50%
Marshall Islands
50%
Palau
50%
Uganda
50%
Grenada
45%
No matching quizzes found
Score Distribution
Percent of People with Each Score
Percentile by Number Answered
Your Score History
You have not taken this quiz